Final Report of the Commission on Medical Education (Record no. 884)

000 -LEADER
fixed length control field 00563nam a22001937a 4500
003 - CONTROL NUMBER IDENTIFIER
control field OSt
005 - DATE AND TIME OF LATEST TRANSACTION
control field 20210426100324.0
008 - FIXED-LENGTH DATA ELEMENTS--GENERAL INFORMATION
fixed length control field 201229s1932 ||||| |||| 00| 0 eng d
040 ## - CATALOGING SOURCE
Original cataloging agency eng
Language of cataloging eng
Transcribing agency DLC
041 ## - LANGUAGE CODE
Language code of text/sound track or separate title eng
080 ## - UNIVERSAL DECIMAL CLASSIFICATION NUMBER
Universal Decimal Classification number 61
Item number F-54
100 ## - MAIN ENTRY--PERSONAL NAME
9 (RLIN) 650
Personal name Lowell, Lawrence A.
Relator term Chairman
245 ## - TITLE STATEMENT
Title Final Report of the Commission on Medical Education
Statement of responsibility, etc. / by: Office of the Director of Study
260 ## - PUBLICATION, DISTRIBUTION, ETC.
Place of publication, distribution, etc. New York
Name of publisher, distributor, etc. Office of the Director of Study
Date of publication, distribution, etc. 1932
300 ## - PHYSICAL DESCRIPTION
Extent 560 p.
650 #0 - SUBJECT ADDED ENTRY--TOPICAL TERM
9 (RLIN) 69
Topical term or geographic name entry element Medicine
653 ## - INDEX TERM--UNCONTROLLED
Uncontrolled term მედიცინა
942 ## - ADDED ENTRY ELEMENTS (KOHA)
Source of classification or shelving scheme
Koha item type Books
Holdings
Withdrawn status Lost status Source of classification or shelving scheme Damaged status Not for loan Permanent location Current location Date acquired Inventory number Total Checkouts Full call number Barcode Date last seen Price effective from Koha item type
          Ken Walker International University Ken Walker International University 12/29/2020 2349   61 F-54 2349 12/29/2020 12/29/2020 Books

Powered by Koha